Stínová ekonomika České republiky

Vymedzenie metódy merania veľkosti odhadu tieňovej ekonomiky v Českej republike. Bankový sektor Českej republiky a vývoj peňažných agregátopv.

Na minha lista:
Detalhes bibliográficos
Autor principal: Andrlík, Břetislav
Outros Autores: Stibůrková, Petra
Formato: Capítulo de Livro
Idioma:tcheco
Assuntos:
Tags: Adicionar Tag
Sem tags, seja o primeiro a adicionar uma tag!

MARC

LEADER 00000naa a2200000 4500
001 0228870
005 20241024142338.7
041 0 |a cze 
044 |a CZ 
245 1 0 |a Stínová ekonomika České republiky  |c Břetislav Andrlík, Petra Stibůrková 
520 |a Vymedzenie metódy merania veľkosti odhadu tieňovej ekonomiky v Českej republike. Bankový sektor Českej republiky a vývoj peňažných agregátopv. 
610 2 0 |a ekonomika tieňová 
610 2 0 |a Česko 
610 2 0 |a bankovníctvo 
610 2 0 |a modely ekonometrické 
100 1 |a Andrlík, Břetislav 
700 1 |a Stibůrková, Petra